Foundations of astronomy
| Main Author: | |
|---|---|
| Format: | Book |
| Published: |
London :
David & Charles ,
1979
|
| Subjects: |
MARC
| LEADER | 00000cam a2200000 7i4500 | ||
|---|---|---|---|
| 001 | 0000079277 | ||
| 005 | 20180410.0 | ||
| 008 | 180410 | ||
| 020 | |a 0715376608 | ||
| 090 | 0 | 0 | |a 520 |b KNO |
| 100 | 0 | |a Knox, Richard | |
| 245 | 1 | 0 | |a Foundations of astronomy |c Richard Knox |
| 260 | |a London : |b David & Charles , |c 1979 | ||
| 300 | |a 184 pg. | ||
| 500 | |a Included index | ||
| 650 | 0 | |a Astronomy | |
| 999 | |a 000033080 |b Book |c Adult Collection |e Cawangan Muar | ||